000 00450nam a22001697a 4500
003 PILC
005 20150217161244.0
008 150217b xxu||||| |||| 00| 0 eng d
100 _aAlbacea, Eliezer A.
245 _aOn turing machines /
_cEliezer A. Albacea.
260 _c2012.
300 _aVII : 1, page 1
440 _aPhilippine Computing Journal.
520 _aIn this paper, we define...
650 _aTuring machine.
942 _2lcc
_cSE
999 _c282713
_d282713